| 000 | 00942nam a22002537a 4500 | ||
|---|---|---|---|
| 999 |
_c2383 _d2383 |
||
| 003 | AR-CdUCM | ||
| 008 | 190304b ||||| |||| 00| 0 spa d | ||
| 020 | _a84-309-1956-2 | ||
| 040 |
_aMUNICIPALIDAD PROVINCIAL DEL CUSCO _cBIBLIOTECA MUNICIPAL DEL CUSCO |
||
| 041 | _heng | ||
| 082 |
_a348.6 / _bG75 |
||
| 100 |
_aGould IV, William B. _98559 |
||
| 245 | _aNociones de Derecho Norteamericano del Trabajo / | ||
| 260 |
_aMadrid : _bTecnos ; _c1991. |
||
| 300 |
_a179 páginas _c24cm |
||
| 505 | _aContenido: La National labor raltions act -- Prácticas laborales injustas -- Organización y Reconocimiento -- Presión económica ya tácticas de negociación en ,a relación establecida -- Los remedios y el proyecto... | ||
| 650 |
_aProtección jurídica _95822 |
||
| 650 |
_aDerecho _9739 |
||
| 650 |
_aNegociación _98560 |
||
| 650 |
_aHuelga _98561 |
||
| 650 |
_aInterés colectivo _98562 |
||
| 942 |
_2ddc _cLIBROS |
||
| 945 | _anom | ||